Klimatické zmeny sú daňou aj za pohodlie hypermarketov
Výstavba hypermarketov a priemyselných parkov a ich dopad na životné prostredie. Predstavitelia ochranárskych organizácií považujú urbanizáciu priestoru za jeden z najväčších prispievateľov likvidácie vody z malého hydrologického cyklu, a teda za jednu z príčin vysušovania zemského povrchu. Zrýchľov...
Salvato in:
| Autore principale: | |
|---|---|
| Natura: | Capitolo di libro |
| Lingua: | slovacco |
| Soggetti: | |
| Tags: |
Nessun Tag, puoi essere il primo ad aggiungerne!!
|
MARC
| LEADER | 00000naa a2200000 4500 | ||
|---|---|---|---|
| 001 | r040996 | ||
| 005 | 20230921111040.3 | ||
| 041 | 0 | |a slo | |
| 044 | |a SK | ||
| 245 | 1 | 0 | |a Klimatické zmeny sú daňou aj za pohodlie hypermarketov |c Katarína Začková |
| 520 | |a Výstavba hypermarketov a priemyselných parkov a ich dopad na životné prostredie. Predstavitelia ochranárskych organizácií považujú urbanizáciu priestoru za jeden z najväčších prispievateľov likvidácie vody z malého hydrologického cyklu, a teda za jednu z príčin vysušovania zemského povrchu. Zrýchľovanie klimatických zmien. Lokálny vplyv na globálne zmeny. Výstavba hypermarketov a priemyselných parkov a ich vplyv na odvod vody z areálu. | ||
| 610 | 2 | 0 | |a prostredie životné |
| 610 | 2 | 0 | |a ochrana prostredia životného |
| 610 | 2 | 0 | |a hypermarkety |
| 610 | 2 | 0 | |a parky priemyselné |
| 610 | 2 | 0 | |a priemysel |
| 610 | 2 | 0 | |a voda |
| 610 | 2 | 0 | |a globalizácia |
| 610 | 2 | 0 | |a Slovensko |
| 610 | 2 | 0 | |a zmeny klimatické |
| 100 | 1 | |a Začková, Katarína | |